Les meilleurs buteurs de ligue 1 depuis 1990 - Statistiques

Statistiques générales
  • Ce quiz a été pris 99 fois
    35 depuis la dernière actualisation
  • Le résultat moyen est 29 sur 39
Statistiques - réponses
Année Buteur Buts Club Pays % Correct
1990 Jean-Pierre Papin 30 Olympique de Marseille FRA
96%
Olivier Giroud 21 Montpellier HSC FRA
92%
2015 Alexandre Lacazette 27 Olympique Lyonnais FRA
88%
2017 Edinson Cavani 35 Paris Saint-Germain URU
88%
2018 Edinson Cavani 28 Paris Saint-Germain URU
88%
1991 Jean-Pierre Papin 23 Olympique de Marseille FRA
88%
1992 Jean-Pierre Papin 27 Olympique de Marseille FRA
88%
2019 Kylian Mbappé 33 Paris Saint-Germain FRA
88%
2020 Kylian Mbappé 18 Paris Saint-Germain FRA
88%
2021 Kylian Mbappé 27 Paris Saint-Germain FRA
88%
2022 Kylian Mbappé 28 Paris Saint-Germain FRA
88%
2023 Kylian Mbappé 29 Paris Saint-Germain FRA
88%
2013 Zlatan Ibrahimović 30 Paris Saint-Germain SWE
88%
2014 Zlatan Ibrahimović 26 Paris Saint-Germain SWE
88%
2016 Zlatan Ibrahimović 38 Paris Saint-Germain SWE
88%
2004 Djibril Cissé 38 AJ Auxerre FRA
83%
Pedro Miguel Pauleta 22 Paris Saint-Germain POR
83%
2006 Pedro Miguel Pauleta 21 Paris Saint-Germain POR
83%
2007 Pedro Miguel Pauleta 15 Paris Saint-Germain POR
83%
Wissam Ben Yedder 18 AS Monaco FRA
83%
2009 André-Pierre Gignac 24 Toulouse FC FRA
79%
2008 Karim Benzema 20 Olympique Lyonnais FRA
79%
2005 Alexander Frei 20 Stade Rennais SUI
75%
2002 Djibril Cissé 22 AJ Auxerre FRA
75%
2010 Mamadou Niang 18 Olympique de Marseille SEN
75%
2011 Moussa Sow 25 LOSC Lille SEN
75%
2012 Nene 21 Paris Saint-Germain BRA
71%
2000 Sonny Anderson 23 Olympique Lyonnais BRA
71%
2001 Sonny Anderson 22 Olympique Lyonnais BRA
71%
1998 Stéphane Guivarc'h 21 AJ Auxerre FRA
63%
2003 Shabani Nonda 26 AS Monaco RDC
54%
1993 Alen Bokšić 24 Olympique de Marseille SRB
50%
1996 Sonny Anderson 21 AS Monaco BRA
50%
1995 Patrice Loko 22 FC Nantes FRA
46%
1997 Stéphane Guivarc'h 22 Stade Rennais FRA
42%
1999 Sylvain Wiltord 22 Girondins de Bordeaux FRA
42%
Nicolas Ouédec 20 FC Nantes FRA
33%
1994 Roger Boli 20 RC Lens FRA
33%
Youri Djorkaeff 20 AS Monaco FRA
33%
Aucun quiz correspondant
Distribution des résultats
% des personnes avec chaque résultat
Percentile par nombre de réponses
Votre historique - résultats
Vous n’avez pas pris ce quiz depuis la dernière actualisation